| 000 | 00653nam a2200181Ia 4500 | ||
|---|---|---|---|
| 008 | 100920s9999 xx 000 0 und d | ||
| 082 |
_b107149 _a200 न 09 |
||
| 100 | _aअल्रबेरुनी/पठाण यू.म. | ||
| 245 | _aअल्रबेरुनीचा भारत. | ||
| 260 |
_bसाहित्य अकादमी,दिल्ली. _c2009 |
||
| 300 |
_a177 _bसाधी |
||
| 365 | _b90 | ||
| 520 | _aधार्मिक. | ||
| 630 | _aअल्रबेरुनीचा भारत. | ||
| 650 | _aधार्मिक. | ||
| 730 | _aअल्रबेरुनीचा भारत. | ||
| 942 | _cBOOK | ||
| 999 |
_c747573 _d747570 |
||